| 000 | 01299nab a2200217 i 4500 | ||
|---|---|---|---|
| 001 | 768714001 | ||
| 003 | CO-MdFUSB | ||
| 005 | 20240514105631.0 | ||
| 008 | 240510t1970 sp ||||| |||| 00| 0 spa d | ||
| 040 |
_bspa _cCO-MdFUSB _dCO-MdFUSB |
||
| 041 | _aspa | ||
| 100 |
_aPost, Werner, _eautor |
||
| 245 |
_aTeorías filosóficas sobre el mal _c/ Werner Post |
||
| 520 | _aDado que las múltiples explicaciones del mal no han dado resultado, parece que se buscarían nuevas soluciones en determinados campos científicos. Aquí puede tener al menos un éxito parcial, ya sea legal o convenientemente. Sin embargo, la realidad del mal sigue siendo una provocación para la reflexión filosófica y, por supuesto, teológica.Al evitar discusiones sobre cuestiones irresolubles, el problema del mal se considera un problema no resuelto en matemáticas.Por el contrario, permanecer en silencio indicaría esencialmente que el mal es un destino inevitable. | ||
| 650 | 0 |
_aBien y mal _9936 |
|
| 650 | 7 |
_aÉtica cristiana _9185 |
|
| 650 | 2 |
_aConciencia (Moral) _9927 |
|
| 773 | 0 |
_049450 _982619 _oR2546 _tRevista internacional de teología Concilium _w(CO-MdFUSB)8 _x0210-1041 _gNúmero 56, (junio, 1970), páginas: 425 - 432 _qpágina: 425 |
|
| 942 | _cANA | ||
| 945 | _aCatherine Arias Alvarez - Practicante SENA | ||
| 999 |
_c69682 _d69682 |
||